000 01296nam a2200385 i 4500
003 EG-GICUC
005 20260121101451.0
008 251211s2008 ua |||fr|||| 000 0 ara d
017 _a2007/11001
020 _a977-328-301-1
040 _a EG-GICUC
_bara
_c EG-GICUC
_d EG-GICUC
_erda
041 _aara
082 0 4 _221
_a343.654
_bن س . إ
092 0 4 _221
099 _aLaw1 10 343.654 ن س . إ 2008
100 0 _aنسرين عبدالحميد نبيه
_eمؤلف.
245 1 2 _aالإجرام الجنسي /
_cنسرين عبدالحميد نبيه.
264 1 _aالإسكندرية :
_bدار الجامعة الجديدة,
_c2008.
300 _a202 صفحة ؛
_c24 سم
336 _2rda content
_atext
337 _2rda media
_aComputer
338 _2rda carrier
_aOnline Resource
504 _a. 200-199ببليوجرافيا: صفحات.
546 _aالنص باللغة العربية
650 1 4 _aالجرائم الجنسية
_2qrmak
650 1 4 _aهتك العرض
650 1 4 _aالفعل الفاضح
650 1 4 _aالزنا
650 1 4 _aالاغتصاب
651 1 _2qrmak
653 1 0 _aالجرائم السياسية
856 4 0 _uhttps://fll.law.cu.edu.eg/fulltext/bks/B10-07196.pdf
905 _a79
_eHassnaa
942 _2ddc
_cBK
_e21
_n0
999 _c49790
_d49790